000 00879nam a22002897a 4500
001 BR6005570
003 BR-BrBNA
005 20230928095836.0
007 ta
008 230509b bl.||||| |||| 00| 0 por d
040 _aBR-BrBNA
_bpor
_cBiblioteca Nacional de Agricultura
041 _a(Por)
072 _aE10
090 _ E10 BR6005570
100 1 _aPinto, F.H.Q.
100 1 _aMalaguetas, N.H.
110 1 _aAssociacao Nordestina de Credito e Assistencia Rural do Ceara, Fortaleza (Brasil). Servico de Extensao Rural
_9704
245 1 _aInformacoes tecnicas como subsidios para elaboracao de planos e projetos agropecuarios
260 3 _aFortaleza, CE (Brasil):
_c1972.
300 _a35 p.
650 _aProjeto Agricola
650 _aProjeto Pecuario
650 _aExtensao Rural
650 _aCeara
909 _a202309
_bLucia
_c55
_dLucia Elande
942 _cBK
999 _c58971
_d58971